The complete book of long-distance and competitive cycling /

Đã lưu trong:
书目详细资料
主要作者: Doughty, Tom
格式: Sách giấy
语言:English
出版: New York : Simon and Schuster ,
标签: 添加标签
没有标签, 成为第一个标记此记录!
Thư viện lưu trữ: Thư viện Trường Đại học Đà Lạt
LEADER 00571nam a2200241 4500
001 DLU020016890
005 ##1/2/2001
020 # # |a 978- 
041 # # |a eng 
082 # # |a 796.6  |b DO-T 
100 # # |a Doughty, Tom 
245 # # |a The complete book of long-distance and competitive cycling /  |c Tom Doughty  
260 # # |a New York :  |b Simon and Schuster ,  |c 0 
300 # # |a 377 tr.;   |c 24 cm. 
992 # # |a 0 
994 # # |a DLU 
900 # # |a False 
911 # # |a Administrator 
925 # # |a G 
926 # # |a A 
927 # # |a SH 
980 # # |a Thư viện Trường Đại học Đà Lạt